<?xml version="1.0" encoding="UTF-8"?>
<record
    xmlns:xsi="http://www.w3.org/2001/XMLSchema-instance"
    xsi:schemaLocation="http://www.loc.gov/MARC21/slim http://www.loc.gov/standards/marcxml/schema/MARC21slim.xsd"
    xmlns="http://www.loc.gov/MARC21/slim">

  <leader>03408nam a2200565Ia 4500</leader>
  <controlfield tag="001">152</controlfield>
  <controlfield tag="008">241029s9999    xx            000 0 und d</controlfield>
  <datafield tag="010" ind1=" " ind2=" ">
    <subfield code="a">132</subfield>
  </datafield>
  <datafield tag="041" ind1=" " ind2=" ">
    <subfield code="a">Espa&#xF1;ol</subfield>
  </datafield>
  <datafield tag="082" ind1=" " ind2=" ">
    <subfield code="a">ISFODOSU TMGC 12-0021 BFEM EJ.1</subfield>
  </datafield>
  <datafield tag="245" ind1=" " ind2="0">
    <subfield code="a">Impacto generativo con la creaci&#xF3;n del Centro Modelo Inicial Belice en relaci&#xF3;n a la innovaci&#xF3;n y calidad. Incidencia en otros de inicial del Distrito 10-06</subfield>
  </datafield>
  <datafield tag="260" ind1=" " ind2=" ">
    <subfield code="a">Santo Domingo</subfield>
  </datafield>
  <datafield tag="300" ind1=" " ind2=" ">
    <subfield code="a">98</subfield>
  </datafield>
  <datafield tag="520" ind1=" " ind2=" ">
    <subfield code="a">9</subfield>
  </datafield>
  <datafield tag="630" ind1=" " ind2=" ">
    <subfield code="a">Centros Educativos</subfield>
  </datafield>
  <datafield tag="630" ind1=" " ind2=" ">
    <subfield code="a">Innovaciones Educativas</subfield>
  </datafield>
  <datafield tag="630" ind1=" " ind2=" ">
    <subfield code="a">Recursos Audiovisuales</subfield>
  </datafield>
  <datafield tag="630" ind1=" " ind2=" ">
    <subfield code="a">Recursos Did&#xE1;cticos</subfield>
  </datafield>
  <datafield tag="650" ind1=" " ind2=" ">
    <subfield code="a">Gesti&#xF3;n Educativa</subfield>
  </datafield>
  <datafield tag="690" ind1=" " ind2=" ">
    <subfield code="a">Copiado sin cambios</subfield>
  </datafield>
  <datafield tag="700" ind1=" " ind2=" ">
    <subfield code="e">asesor</subfield>
    <subfield code="a">Paulino, Laura</subfield>
  </datafield>
  <datafield tag="700" ind1=" " ind2=" ">
    <subfield code="e">autor</subfield>
    <subfield code="a">Alcina , Miguelina E.</subfield>
  </datafield>
  <datafield tag="700" ind1=" " ind2=" ">
    <subfield code="e">autor</subfield>
    <subfield code="a">G&#xF3;mez, Luz del Alba </subfield>
  </datafield>
  <datafield tag="901" ind1=" " ind2=" ">
    <subfield code="a">{"1":"Alcina ","2":"G&#xF3;mez"}</subfield>
    <subfield code="b">{"1":"Miguelina E.","2":"Luz del Alba "}</subfield>
  </datafield>
  <datafield tag="902" ind1=" " ind2=" ">
    <subfield code="a">1</subfield>
  </datafield>
  <datafield tag="903" ind1=" " ind2=" ">
    <subfield code="a">{"1":"Paulino"}</subfield>
    <subfield code="b">{"1":"Laura"}</subfield>
  </datafield>
  <datafield tag="904" ind1=" " ind2=" ">
    <subfield code="a">Mag&#xED;ster en</subfield>
  </datafield>
  <datafield tag="905" ind1=" " ind2=" ">
    <subfield code="a">Gesti&#xF3;n de Centros Educativos</subfield>
  </datafield>
  <datafield tag="906" ind1=" " ind2=" ">
    <subfield code="a">2</subfield>
  </datafield>
  <datafield tag="907" ind1=" " ind2=" ">
    <subfield code="a">NO APLICA</subfield>
  </datafield>
  <datafield tag="908" ind1=" " ind2=" ">
    <subfield code="a">NO APLICA</subfield>
  </datafield>
  <datafield tag="909" ind1=" " ind2=" ">
    <subfield code="a">ISFODOSU, Recinto F&#xE9;lix Evaristo Mej&#xED;a</subfield>
  </datafield>
  <datafield tag="910" ind1=" " ind2=" ">
    <subfield code="a">NULL</subfield>
    <subfield code="b">NULL</subfield>
  </datafield>
  <datafield tag="911" ind1=" " ind2=" ">
    <subfield code="a">["1"]</subfield>
  </datafield>
  <datafield tag="912" ind1=" " ind2=" ">
    <subfield code="a">NO APLICA</subfield>
  </datafield>
  <datafield tag="913" ind1=" " ind2=" ">
    <subfield code="a">NULL</subfield>
  </datafield>
  <datafield tag="914" ind1=" " ind2=" ">
    <subfield code="a">01 de Noviembre de 2012</subfield>
  </datafield>
  <datafield tag="915" ind1=" " ind2=" ">
    <subfield code="a">20/07/15 08:07</subfield>
  </datafield>
  <datafield tag="916" ind1=" " ind2=" ">
    <subfield code="a">NULL</subfield>
  </datafield>
  <datafield tag="917" ind1=" " ind2=" ">
    <subfield code="a">NULL</subfield>
  </datafield>
  <datafield tag="918" ind1=" " ind2=" ">
    <subfield code="a">NO APLICA</subfield>
  </datafield>
  <datafield tag="919" ind1=" " ind2=" ">
    <subfield code="a">["33","118","174","175"]</subfield>
  </datafield>
  <datafield tag="520" ind1=" " ind2=" ">
    <subfield code="a">La investigaci&#xF3;n realizada sobre el impacto generado con la creaci&#xF3;n del Centro Modelo de Inicial Belice en cuanto a la innovaci&#xF3;n en los centros educativos de inicial del Distrito 10-06 de Mendoza. &#xA0;Con el prop&#xF3;sito de determinar c&#xF3;mo ha iniciado el Centro Modelo de Inicial Belice (CMEI) en la pr&#xE1;ctica pedag&#xF3;gica e innovaciones presentadas en las aulas del nivel de los centros educativos de la jurisdicci&#xF3;n.&#xA0;&#xA0;La metodolog&#xED;a utilizada correspondi&#xF3; con un estudio de car&#xE1;cter exploratorio &#xA0;convirti&#xE9;ndose en una investigaci&#xF3;n de car&#xE1;cter descriptiva, comparativa y contrataci&#xF3;n de las variables, resaltando en cada centro de educaci&#xF3;n inicial, elementos importantes que destacan el impacto generado a: innovaciones pr&#xE1;cticas y contextos relacionados con el nivel inicial. &#xA0;Las t&#xE1;cticas empleadas para recogida de las informaciones se hicieron por medio de cuestionarios y observaciones dirigidas y fuentes de informaciones primarias y secundarias.&#xA0;El Distrito Educativo 10-06, cuenta con 26 centros educativos de inicial que representan el universo de la poblaci&#xF3;n, de los cuales se precedi&#xF3; a escoger 13 centros, lo que equivale a un 50%. &#xA0;La poblaci&#xF3;n, objeto de estudio est&#xE1; compuesta por 13 directores, 51 docentes y 2 coordinadoras del Centro Modelo de Inicial Belice, seleccionados a trav&#xE9;s del maestreo no probabil&#xED;stico escogido aleatoriamente.&#xA0;Las principales conclusiones arrojaron que los centros de inicial del Distrito 10-06, reciben orientaciones desde el centro modelo de inicial y que este ha impactado favorablemente en la pr&#xE1;ctica pedag&#xF3;gica de los docentes del nivel. &#xA0;En cuanto a la situaci&#xF3;n de infraestructura y recursos tecnol&#xF3;gicos de los centros, el estudio arroj&#xF3;, que las condiciones del CMEL &#xA0;son excelentes, sin embargo, los otros centros presentan precariedad.</subfield>
  </datafield>
  <datafield tag="921" ind1=" " ind2=" ">
    <subfield code="a">16</subfield>
  </datafield>
  <datafield tag="922" ind1=" " ind2=" ">
    <subfield code="a">16</subfield>
  </datafield>
  <datafield tag="923" ind1=" " ind2=" ">
    <subfield code="a">0</subfield>
  </datafield>
  <datafield tag="924" ind1=" " ind2=" ">
    <subfield code="a">NO APLICA</subfield>
  </datafield>
  <datafield tag="942" ind1=" " ind2=" ">
    <subfield code="c">Tesis</subfield>
  </datafield>
  <datafield tag="999" ind1=" " ind2=" ">
    <subfield code="c">132</subfield>
    <subfield code="d">132</subfield>
  </datafield>
</record>
